Simpsons Characters by Picture - Megaquiz - Statistics

General Stats
  • This quiz has been taken 91 times
  • The average score is 62 of 100
Answer Stats
Picture Answer % Correct
Bart Simpson
97%
Homer Simpson
97%
Lisa Simpson
96%
Marge Simpson
96%
Ned Flanders
95%
Maggie Simpson
93%
Abraham Simpson
91%
Milhouse Van Houten
91%
Moe Syzslak
91%
Apu Nahasapeemapetilon
89%
Krusty the Clown
89%
C. Montgomery Burns
88%
Edna Krabappel
87%
Nelson Muntz
87%
Ralph Wiggum
87%
Selma Bouvier
87%
Sideshow Bob
87%
Seymour Skinner
86%
Waylon Smithers
86%
Barney Gumble
84%
Groundskeeper Willie
83%
Lenny Leonard
82%
Scratchy
82%
Carl Carlson
80%
Itchy
80%
Otto Mann
80%
Todd Flanders
80%
Chief Clancy Wiggum
79%
Duff Man
79%
Patty Bouvier
79%
Rod Flanders
79%
Reverend Tim Lovejoy
78%
Santa's Little Helper
78%
Dr. Julius Hibbert
76%
Sideshow Mel
76%
Anthony "Fat Tony" D'Amico
75%
Hans Moleman
75%
Kent Brockman
75%
Disco Stu
74%
Mayor Joe Quimby
74%
Comic Book Guy
72%
Snowball II
71%
Cletus Spuckler
70%
Martin Prince
70%
Superintendent Gary Chalmers
70%
Jimbo Jones
68%
Maude Flanders
68%
Snake Jailbird
67%
Dr. Nick Riviera
66%
Bumblebee Man
64%
Professor John Frink
63%
Troy McClure
63%
Radioactive Man
61%
"Bleeding Gums" Murphy
59%
Agnes Skinner
55%
Lou
55%
Luigi Risotto
55%
Lunchlady Doris
55%
Miss Hoover
55%
Artie Ziff
54%
Helen Lovejoy
54%
Captain Horatio McCallister
53%
Crazy Cat Lady
53%
Kang
53%
Kodos
53%
Herbert Powell
51%
Rainier Wolfcastle
51%
Eddie
50%
Lionel Hutz
50%
Gil Gunderson
49%
Kirk van Houten
49%
Jasper Beardley
47%
Kearney Zzyzwicz
47%
Manjula Nahasapeemapetilon
47%
Lard Lad
46%
Arnie Pie
45%
Drederick Tatum
45%
Frank Grimes
45%
Dolph Starbeam
43%
Hank Scorpio
42%
Rich Texan
42%
Blinky
41%
Cookie Kwan
41%
Mr. Teeny
41%
Dr. Marvin Monroe
39%
Sanjay Nahasapeemapetilon
38%
Poochie
37%
Booberella
36%
Herman Hermann
36%
Blue Haired Lawyer
34%
Mr. Sparkle
32%
Judge Roy Snyder
28%
Larry Burns
28%
Gerald Samson
26%
Lindsey Naegle
26%
Jacqueline Bouvier
25%
Princess Kashmir
25%
Bernice Hibbert
24%
Rex Banner
24%
Lucius Sweet
22%
No matching quizzes found
Score Distribution
Percent of People with Each Score
Percentile by Number Answered
Your Score History
You have not taken this quiz